=LDR 00000nam 2200000 4500 =001 INLIS000000000043562 =005 20131008103430 =008 ***********************************ind** =035 ##$$0010-101300000001484 =041 ##$$a ind =082 ##$$a 324.6 =090 ##$$a 324.6, Gau m =100 ##$$a Gautama, Sidarta =245 ##$$a Megawati Sukarnoputri di tengah rivalitas calon-calon presiden 2004, Sidarta Gautama =260 ##$$a 2004 $b Jakarta =300 ##$$a xii, 146 hlm, 19 cm =650 ##$$a Presiden-Pemilihan =850 ##$$a NBPNMAT